[Event "AUTO-INT-3637"]
[Site "http://www.queenalice.com/game.php?id=1642683"]
[Date "2021.2.5"]
[Round "1"]
[White "zecafernandes"]
[Black "carpio1969"]
[Result "0-1"]
[WhiteElo "1285"]
[BlackElo "1520"]

1. e4 c5 2. c3 d6 3. Bc4 Nf6 4. Nf3 h6 5. d4 Qa5 6. O-O Nc6 7. d5 Nd8 8. Nbd2 b5
9. b4 cxb4 10. Bb3 bxc3 11. Nb1 b4 12. Ba4+ Bd7 13. Bb3 Rc8 14. Qc2 g6 15. a3 e6
16. Re1 e5 17. Be3 Rc7 18. Rd1 Be7 19. Ne1 Ng4 20. Nd3 O-O 21. Nxb4 Nxe3 22.
fxe3 Qb6 23. Nxc3 Qxe3+ 24. Kh1 Rxc3 25. Qb2 Rxb3 26. Qc2 Rc3 27. Re1 Rxc2 28.
Rxe3 Rc4 29. h3 f5 30. Nd3 fxe4 31. Nb2 Rd4 32. Rc1 Bf5 33. g4 Bxg4 34. hxg4 Bg5
0-1

[Event "AUTO-OPEN-4255"]
[Site "http://www.queenalice.com/game.php?id=1642741"]
[Date "2021.2.6"]
[Round "1"]
[White "Scharlatan"]
[Black "carpio1969"]
[Result "1-0"]
[WhiteElo "2187"]
[BlackElo "1573"]

1. c3 c5 2. d3 e5 3. e4 d6 4. Be3 Nf6 5. h3 Nc6 6. Ne2 g6 7. f4 h5 8. g3 Be7 9.
Nd2 d5 10. Bg2 d4 11. cxd4 exd4 12. Bf2 Nd7 13. Rc1 Bf6 14. e5 Bg7 15. Nc4 Qc7
16. Nd6+ Kd8 17. Nxf7+ Ke8 18. Nxh8 Bxh8 19. Qa4 Qa5+ 20. Qxa5 Nxa5 21. b4 Nc6
22. bxc5 b6 23. Bxc6 Rb8 24. cxb6 Rxb6 25. e6 Bb7 26. Bxd7+ Ke7 27. O-O Rb2 28.
Nxd4 Bxd4 29. Bxd4 Rg2+ 30. Kh1 Rxg3+ 31. Bc6 Rxh3+ 32. Kg2 Rxd3 33. Bc5+ 1-0

[Event "AUTO-OPEN-4255"]
[Site "http://www.queenalice.com/game.php?id=1642742"]
[Date "2021.2.6"]
[Round "1"]
[White "carpio1969"]
[Black "Scharlatan"]
[Result "0-1"]
[WhiteElo "1586"]
[BlackElo "2204"]

1. e4 Nf6 2. Nc3 c5 3. Bc4 e6 4. Nf3 Nc6 5. d4 cxd4 6. Ne2 Nxe4 7. Nexd4 Nxd4 8.
Qxd4 d5 9. Bb5+ Bd7 10. a4 Qa5+ 11. Bd2 Nxd2 12. Qxd2 Qxd2+ 13. Nxd2 a6 14.
Bxd7+ Kxd7 15. O-O-O Rc8 16. Nf3 Bd6 17. Rhe1 Rc7 18. Ng5 Ke7 19. c3 h6 20. Nf3
Rhc8 21. Rd3 Kf6 22. Nd2 b5 23. Rf3+ Ke7 24. axb5 axb5 25. Nb1 b4 26. h4 bxc3
27. Nxc3 d4 28. Kd2 dxc3+ 29. Rxc3 Bb4 30. Rc1 Bxc3+ 31. Rxc3 Rxc3 32. bxc3 Kd6
33. Kd3 Kd5 34. f4 h5 35. g3 Ra8 0-1

[Event "AUTO-OPEN-4255"]
[Site "http://www.queenalice.com/game.php?id=1642767"]
[Date "2021.2.6"]
[Round "1"]
[White "carpio1969"]
[Black "krystian"]
[Result "1-0"]
[WhiteElo "1507"]
[BlackElo "1443"]

1. e4 c6 2. d4 d5 3. Nc3 dxe4 4. Nxe4 Bf5 5. f3 e6 6. Bd3 Qxd4 7. Ne2 Qd8 8. c3
Qb6 9. b4 Bxe4 10. Bxe4 Nf6 11. Qd3 Nbd7 12. Be3 c5 13. O-O Qc7 14. Rfc1 Nxe4
15. Qxe4 Nf6 16. Qc4 b6 17. Nd4 Qe5 18. Re1 cxd4 19. Qc6+ 1-0

[Event "AUTO-OPEN-4255"]
[Site "http://www.queenalice.com/game.php?id=1642769"]
[Date "2021.2.6"]
[Round "1"]
[White "carpio1969"]
[Black "Ricktado"]
[Result "0-1"]
[WhiteElo "1548"]
[BlackElo "1791"]

1. e4 d5 2. Nc3 d4 3. Nce2 e5 4. Nf3 f6 5. c3 d3 6. Ng3 Bg4 7. Bxd3 Qxd3 8. Qa4+
b5 9. Qa5 Bxf3 10. gxf3 Bd6 11. Ne2 Qxf3 12. Qxb5+ Nd7 13. Qb7 Qxh1+ 14. Ng1
Qxg1+ 15. Ke2 Qg4+ 16. f3 Qg2+ 17. Ke3 Bc5+ 18. d4 exd4+ 19. cxd4 Qg1+ 20. Kd3
Qxd4+ 21. Kc2 Qc4+ 22. Kb1 Qd3# 0-1

[Event "AUTO-OPEN-4255"]
[Site "http://www.queenalice.com/game.php?id=1642770"]
[Date "2021.2.6"]
[Round "1"]
[White "Ricktado"]
[Black "carpio1969"]
[Result "1-0"]
[WhiteElo "1798"]
[BlackElo "1529"]

1. d4 e6 2. d5 Nf6 3. dxe6 dxe6 4. Bg5 Qxd1+ 5. Kxd1 Bc5 6. e3 Bd6 7. Bxf6 gxf6
8. Nc3 Bb4 9. Nb5 Bd6 10. c4 Be5 11. Rb1 Bd7 12. f4 Bd6 13. Rc1 Na6 14. a3 Nc5
15. b4 Bxb5 16. bxc5 Bxc5 17. cxb5 O-O-O+ 18. Ke2 Bxa3 19. Ra1 Bb4 20. Rxa7 Rd2+
21. Kf3 e5 22. Ra8+ Kd7 23. Rxh8 Ke6 24. Bc4+ Ke7 25. Rxh7 exf4 26. Rxf7+ Kd6
27. Rxf6+ Ke5 28. Re6+ Kf5 29. e4+ Kg5 30. Nh3+ Kh4 31. Rh6# 1-0

[Event "AUTO-INT-3650"]
[Site "http://www.queenalice.com/game.php?id=1646701"]
[Date "2021.3.15"]
[Round "1"]
[White "carpio1969"]
[Black "NickThorp"]
[Result "1-0"]
[WhiteElo "1571"]
[BlackElo "1554"]

1. d4 d5 2. Nc3 Nf6 3. Bg5 e6 4. e4 dxe4 5. f3 exf3 6. Nxf3 Be7 7. Ne5 Nc6 8.
Bxf6 Bxf6 9. Bb5 Bd7 10. Nxd7 Qxd7 11. O-O Bxd4+ 12. Kh1 O-O-O 13. Qd3 Bxc3 14.
Qxc3 a6 15. Bxc6 Qxc6 16. Qxc6 bxc6 17. Rxf7 g6 18. c4 Rdf8 19. Raf1 Rxf7 20.
Rxf7 e5 21. Re7 Kb7 22. Rxe5 Kb6 23. b4 h5 24. a4 Rd8 25. h3 Rd4 26. a5+ Kb7 27.
Rc5 Rd1+ 28. Kh2 Rb1 29. g4 hxg4 30. hxg4 Rxb4 31. Kg3 g5 32. Kf3 Rb3+ 33. Ke4
Rg3 34. Kf5 Kc8 35. Rxc6 Kd7 36. Rxa6 Rc3 37. Kxg5 Rxc4 38. Ra8 Ra4 39. a6 c5
40. Ra7+ Kc6 41. Kf5 c4 42. Re7 Rxa6 43. Re2 Ra3 44. g5 Ra5+ 45. Kf6 c3 46. Rc2
Kd7 47. Rxc3 Ke8 48. Re3+ Kf8 49. g6 Kg8 50. Re8# 1-0

[Event "AUTO-INT-3650"]
[Site "http://www.queenalice.com/game.php?id=1646702"]
[Date "2021.3.15"]
[Round "1"]
[White "NickThorp"]
[Black "carpio1969"]
[Result "1-0"]
[WhiteElo "1617"]
[BlackElo "1566"]

1. e4 e5 2. Nf3 f6 3. Bc4 c6 4. d3 b5 5. Bxg8 Rxg8 6. Be3 Na6 7. Nc3 Bb4 8. a3
Bc5 9. Bxc5 Nxc5 10. O-O Bb7 11. b4 Ne6 12. Nh4 g5 13. Nf5 Qc7 14. Qh5+ Rg6 15.
Qxh7 Nf8 16. Qh8 O-O-O 17. Ne7+ Kb8 18. Nxg6 Nxg6 19. Qxf6 Nf4 20. Qxg5 Ne6 21.
Qf5 Nd4 22. Qf6 Nxc2 23. Rac1 Nxa3 24. d4 exd4 25. Qxd4 Nc4 26. h3 Re8 27. Rfe1
Qf4 28. f3 Nd2 29. Ne2 Qg5 30. Rf1 Rf8 31. Rf2 Nxf3+ 32. Rxf3 Rxf3 33. Rf1 Qe3+
34. Qxe3 Rxe3 35. Nc1 Rxe4 36. Nd3 d6 37. Rf8+ Bc8 38. Rf6 Rd4 39. Nf2 Rxb4 40.
Rxd6 Kb7 41. Nd3 Rb1+ 42. Kh2 Rd1 43. Nc5+ Kb6 44. Rxd1 Kxc5 45. Rc1+ Kb6 46.
Kg3 a5 47. Kf3 a4 48. Ke3 c5 49. Kd3 Be6 50. h4 a3 51. Ra1 b4 52. h5 a2 53. h6
b3 54. Kc3 Bf5 55. Kxb3 Kb5 56. Kxa2 Kb4 57. Rf1 Be6+ 58. Kb2 Bg8 59. Rf8 Bh7
60. Rh8 Be4 61. g4 c4 62. g5 c3+ 63. Kc1 Kc5 64. Rc8+ Kd4 65. Rd8+ Ke5 66. Re8+
Kf4 67. Rxe4+ Kxg5 68. h7 1-0

[Event "AUTO-INT-3650"]
[Site "http://www.queenalice.com/game.php?id=1646703"]
[Date "2021.3.15"]
[Round "1"]
[White "carpio1969"]
[Black "deathbydixxon"]
[Result "1-0"]
[WhiteElo "1553"]
[BlackElo "1673"]

1. e4 e5 2. Nf3 Nc6 3. Bb5 a6 4. Bc4 h6 5. d4 Nxd4 6. Nxd4 exd4 7. Qxd4 Qe7 8.
Nc3 d6 9. Nd5 Qd7 10. O-O Ne7 11. Re1 Nxd5 12. exd5+ Be7 13. Qxg7 Rf8 14. Bxh6
b5 15. Qxf8# 1-0

[Event "AUTO-INT-3650"]
[Site "http://www.queenalice.com/game.php?id=1646704"]
[Date "2021.3.15"]
[Round "1"]
[White "deathbydixxon"]
[Black "carpio1969"]
[Result "1-0"]
[WhiteElo "1655"]
[BlackElo "1598"]

1. e4 c6 2. Bc4 Nf6 3. Nc3 d5 4. exd5 cxd5 5. Bb3 e6 6. d4 Bb4 7. Bd2 Qc7 8. Nb5
Qe7 9. Nf3 h6 10. O-O a6 11. Nc7+ Qxc7 12. Bxb4 Nc6 13. Ba3 Bd7 14. Ne5 Nxe5 15.
dxe5 Qxe5 16. Re1 Qf5 17. c4 Ng4 18. Re2 Bc6 19. Bc2 Qg5 20. b4 Rd8 21. Bc1 Qe7
22. Rd2 Qxb4 23. Qxg4 g6 24. Qe2 O-O 25. h3 dxc4 26. Rxd8 Rxd8 27. Rb1 Qa5 28.
Bxh6 Rd2 29. Bxd2 Qd5 30. f3 Bb5 31. Bc3 Bc6 32. Be4 Qc5+ 33. Kh1 Qg5 34. Bxc6
bxc6 35. Rb8+ Kh7 36. Rh8# 1-0

[Event "AUTO-INT-3650"]
[Site "http://www.queenalice.com/game.php?id=1646705"]
[Date "2021.3.15"]
[Round "1"]
[White "carpio1969"]
[Black "profeta"]
[Result "1-0"]
[WhiteElo "1527"]
[BlackElo "1640"]

1. d4 d5 2. Nf3 Nf6 3. Nc3 Nc6 4. e4 dxe4 5. Ng5 Nxd4 6. Bc4 Be6 7. Bxe6 fxe6 8.
Nxe6 Nxe6 9. Bg5 h6 10. Bxf6 exf6 11. Qh5+ Ke7 12. Rd1 Nd4 13. Nd5+ Ke6 14. Rxd4
c5 15. Nf4+ Ke7 16. Rxd8 Rxd8 17. Ng6+ Kf7 18. Nxh8+ Ke6 19. Qg4+ Ke7 20. Qxe4+
Kd7 21. Qxb7+ Ke8 22. Qf7# 1-0

[Event "AUTO-INT-3650"]
[Site "http://www.queenalice.com/game.php?id=1646706"]
[Date "2021.3.15"]
[Round "1"]
[White "profeta"]
[Black "carpio1969"]
[Result "0-1"]
[WhiteElo "1579"]
[BlackElo "1574"]

1. d4 d5 2. Nf3 f6 3. Nc3 c6 4. e4 e6 5. Bf4 Bb4 6. a3 Bxc3+ 7. bxc3 Ne7 8. e5
Ng6 9. g3 Nxf4 10. gxf4 Nd7 11. c4 b6 12. c3 Bb7 13. a4 a5 14. Bh3 Qe7 15. Qd2
f5 16. O-O-O Qa3+ 17. Qb2 Qxa4 18. Nd2 Ba6 19. Qb3 Qxb3 20. Nxb3 Bxc4 21. Nd2
Bd3 22. Rhe1 O-O 23. Re3 Bb5 24. Nf3 h6 25. Nh4 a4 26. Ng6 a3 27. Kb1 a2+ 28.
Ka1 Rfe8 29. Bg2 Nf8 30. Nh4 Kh7 31. Rg3 Be2 32. Rd2 Bc4 33. Rb2 Reb8 34. Re3
Ra3 35. Nf3 Rb3 36. Rxb3 Bxb3 37. Nd2 Bc4 38. Nxc4 dxc4 39. Bxc6 Ng6 40. Re2
Nxf4 41. Rxa2 b5 42. h4 Rb6 43. Bf3 Nd3 44. Bd1 b4 45. cxb4 Rxb4 46. h5 c3 47.
d5 exd5 48. Rd2 cxd2 0-1

[Event "AUTO-INT-3612"]
[Site "http://www.queenalice.com/game.php?id=1647210"]
[Date "2021.3.21"]
[Round "2"]
[White "JoseMessias"]
[Black "carpio1969"]
[Result "1-0"]
[WhiteElo "1631"]
[BlackElo "1575"]

1. g3 d6 2. Bg2 Bg4 3. Bxb7 Nd7 4. Bxa8 Qxa8 5. f3 Bf5 6. g4 Be6 7. Nc3 Ngf6 8.
Nb5 Qb8 9. a4 a6 10. Nc3 Nd5 11. Ne4 N7f6 12. Nxf6+ Nxf6 13. g5 Nd5 14. e4 Nf4
15. d4 Ng2+ 16. Kf2 Nh4 17. Ne2 g6 18. d5 Bd7 19. Ra3 e6 20. Rb3 Qd8 21. Kg3
exd5 22. exd5 Nf5+ 23. Kf2 Be7 24. Nd4 Bxg5 25. Qe2+ Kf8 26. Qxa6 Bc8 27. Bxg5
Nxd4 28. Bxd8 Bxa6 29. Rb8 Kg7 30. Bf6+ Kxf6 31. Rxh8 Kg7 32. Ra8 Be2 33. Re1
Bxf3 34. c3 Bxd5 35. Ra7 Ne6 36. Rd1 Bb3 37. Rd2 d5 38. a5 c6 39. Rb7 Bc4 40.
Rb6 Bb5 41. a6 Nc7 42. a7 Ba6 43. Rxc6 Na8 44. Rxa6 Nc7 45. Rc6 Na8 46. Rxd5 Kh6
47. Rd8 1-0

[Event "AUTO-INT-3612"]
[Site "http://www.queenalice.com/game.php?id=1647211"]
[Date "2021.3.21"]
[Round "2"]
[White "carpio1969"]
[Black "JoseMessias"]
[Result "1-0"]
[WhiteElo "1561"]
[BlackElo "1645"]

1. e4 b6 2. Nf3 Bb7 3. Nc3 d5 4. d4 dxe4 5. Ng5 h6 6. Nxf7 Kxf7 7. Qh5+ g6 8.
Bc4+ e6 9. Bxe6+ Kxe6 10. Qe5+ Kf7 11. Qxh8 Bg7 12. Qh7 Nf6 13. Bg5 hxg5 14. Qh3
Qxd4 15. O-O g4 16. Qe3 Qxe3 17. fxe3 Nd7 18. Rad1 Bh6 19. Rxd7+ Ke6 20. Rxc7
Ba6 21. Rc6+ Ke5 22. Rfxf6 Bxe3+ 23. Kh1 Rd8 24. Rce6+ Kd4 25. Rxe4+ Kc5 26.
Rxe3 Rd2 27. Re5+ Kb4 28. a3+ Kc4 29. Rf4+ Rd4 30. Ree4 Rxe4 31. Rxe4+ Kc5 32.
b4+ Kc6 33. Rxg4 Bc4 34. Rxc4+ Kd6 35. Ne4+ Kd5 36. Nd2 b5 37. Rc5+ Kd4 38. Rxb5
Kc3 39. Ne4+ Kxc2 40. Ra5 Kd3 41. Ng3 Kc3 42. Rxa7 Kb3 43. b5 Kc4 44. a4 Kc5 45.
Ne4+ Kb6 46. Rg7 Ka5 47. Ra7+ Kb6 48. Ra6+ Kb7 49. Rxg6 1-0

[Event "AUTO-INT-3612"]
[Site "http://www.queenalice.com/game.php?id=1647214"]
[Date "2021.3.21"]
[Round "2"]
[White "carpio1969"]
[Black "Becket"]
[Result "0-1"]
[WhiteElo "1580"]
[BlackElo "1794"]

1. e4 e5 2. Nf3 d6 3. d4 exd4 4. Nxd4 Be7 5. Bc4 Nf6 6. Nc3 O-O 7. Nf3 a6 8. Be2
Nc6 9. Be3 Ne5 10. Nd5 Nxf3+ 11. Bxf3 Nxd5 12. exd5 Re8 13. Bd4 Bg5+ 14. Be2 Bg4
15. f3 Bh5 16. O-O Be3+ 17. Kh1 Bxd4 18. Qxd4 Rxe2 19. c4 f6 20. b3 Qd7 21. Qh4
Bg6 22. Rfe1 Rxe1+ 23. Rxe1 Re8 24. h3 Rxe1+ 25. Qxe1 h6 26. a4 Kf7 27. g4 Qe7
28. Qb4 c6 29. dxc6 bxc6 30. Qb6 Qe1+ 31. Kg2 a5 32. Qxc6 Qb4 33. Qd5+ Kf8 34.
Qa8+ Be8 35. Qd5 Qxb3 36. Qxd6+ Kg8 37. Qe6+ Bf7 38. Qc8+ Kh7 39. Qf5+ Kh8 40.
Qc8+ Bg8 41. Qc6 Qxc4 42. Qb5 Qb4 43. Kf2 Qxb5 44. axb5 a4 45. b6 Bd5 46. Ke3 a3
47. Kd4 Bxf3 48. Kc3 a2 49. Kb2 a1=Q+ 50. Kxa1 Kg8 51. Kb2 Kf7 52. Kc3 Ke6 53.
Kd4 Kd6 54. Ke3 Bg2 55. Kf2 Bxh3 56. Kg3 Bf1 57. Kf4 Ba6 58. Kf5 Ke7 59. Kg6 Kf8
60. Kf5 Kf7 61. Ke4 Ke6 62. Kf4 g6 63. Ke4 f5+ 64. gxf5+ gxf5+ 65. Kf4 Kf6 66.
Ke3 Ke5 67. Kf3 f4 0-1

[Event "AUTO-INT-3612"]
[Site "http://www.queenalice.com/game.php?id=1647215"]
[Date "2021.3.21"]
[Round "2"]
[White "Becket"]
[Black "carpio1969"]
[Result "1-0"]
[WhiteElo "1767"]
[BlackElo "1584"]

1. d4 c6 2. e3 Nf6 3. c4 e6 4. Nf3 b6 5. Nc3 Bb4 6. Bd2 d5 7. cxd5 Nxd5 8. Nxd5
Bxd2+ 9. Qxd2 cxd5 10. Bb5+ Bd7 11. Bxd7+ Nxd7 12. O-O Qf6 13. Rac1 O-O 14. Rc7
Nb8 15. Rfc1 Na6 16. R7c3 Qe7 17. a3 b5 18. Qe2 f6 19. Qxb5 Nb4 20. axb4 Rab8
21. Qc5 Qb7 22. b5 Qxb5 23. Qxb5 Rxb5 24. Rb1 Rfb8 25. b3 a5 26. Rc5 Rxb3 27.
Rxb3 Rxb3 28. Kf1 a4 29. Ra5 a3 30. Nd2 Rb2 31. Ke1 a2 32. Ke2 g5 33. Kd3 Rb1
34. Rxa2 Rg1 35. g3 Rg2 36. Nf1 Rg1 37. Ke2 h5 38. Ra6 Kf7 39. Ra7+ Kg6 40. Re7
h4 41. Rxe6 hxg3 42. hxg3 Rh1 43. Rd6 1-0

[Event "Challenge"]
[Site "http://www.queenalice.com/game.php?id=1649508"]
[Date "2021.4.13"]
[Round "-"]
[White "carpio1969"]
[Black "limonajar"]
[Result "0-1"]
[WhiteElo "1575"]
[BlackElo "1762"]

1. e4 e5 2. Nf3 Nc6 3. d4 exd4 4. Bc4 d6 5. O-O h6 6. c3 dxc3 7. Nxc3 Be6 8.
Bxe6 fxe6 9. Bf4 Qd7 10. Re1 Be7 11. e5 dxe5 12. Qxd7+ Kxd7 13. Bxe5 Bf6 14.
Rad1+ Kc8 15. Nb5 Bxe5 16. Nxe5 Nge7 17. Nxc6 Nxc6 18. Rxe6 Rd8 19. Rde1 Kd7 20.
a3 a6 21. Nc3 Nd4 22. Re7+ Kc6 23. Rxg7 Re8 24. Rg6+ Kc5 25. Ne4+ Kc4 26. Rxh6
Kb3 27. Rh3+ Kxb2 28. Re2+ Nc2 29. Rd3 Rad8 30. Rxd8 Rxd8 31. h3 Kb3 32. Nc5+
Kb2 33. Nxb7 Rd1+ 34. Kh2 Ra1 35. a4 Rxa4 36. Nc5 Ra3 37. Ne6 Rc3 38. Nf4 a5 39.
Nd5 Rc5 40. Ne3 a4 41. Nxc2 Rxc2 42. Re4 a3 43. f4 c5 44. f5 Rf2 45. Re5 c4 46.
f6 a2 47. Rb5+ Kc1 48. Ra5 Kb2 49. Rb5+ Kc3 50. Ra5 Kb2 51. Rb5+ Ka1 52. Rc5 Kb1
53. Rb5+ Rb2 54. Ra5 a1=Q 55. f7 Rb8 56. Rxa1+ Kxa1 57. g4 c3 58. g5 c2 59. g6
c1=Q 60. h4 Qe3 61. h5 Rb2+ 0-1

[Event "Juega! "]
[Site "http://www.queenalice.com/game.php?id=1650056"]
[Date "2021.4.18"]
[Round "-"]
[White "limonajar"]
[Black "carpio1969"]
[Result "1-0"]
[WhiteElo "1753"]
[BlackElo "1584"]

1. d4 e6 2. e4 Nc6 3. Nf3 d6 4. Bb5 a6 5. Ba4 Nf6 6. Nc3 Be7 7. d5 b5 8. dxc6
bxa4 9. Nxa4 Nxe4 10. Be3 e5 11. O-O O-O 12. Qd3 f5 13. Nc3 Nxc3 14. Qxc3 f4 15.
Bd2 Be6 16. b4 Bf6 17. Rfe1 Qe8 18. a4 Qg6 19. Kf1 e4 20. Nd4 f3 21. g3 Bh3+ 22.
Kg1 Rfe8 23. Bf4 Be5 24. Qe3 Bf5 25. Rab1 Qg4 26. Nxf5 Qxf5 27. Qxe4 Qxe4 28.
Rxe4 Bxf4 29. Rxf4 Rf8 30. Rxf8+ Rxf8 31. Re1 Rb8 32. Re7 Rc8 33. h4 h5 34. Kf1
Kf8 35. Rd7 Kg8 36. Ke1 Kh7 37. Kd2 Kh6 38. Ke3 g5 39. hxg5+ Kxg5 40. Kxf3 Rf8+
41. Kg2 Kg4 42. Rxc7 1-0

[Event "AUTO-INT-3671"]
[Site "http://www.queenalice.com/game.php?id=1759741"]
[Date "2021.5.17"]
[Round "1"]
[White "Clemente09"]
[Black "carpio1969"]
[Result "1-0"]
[WhiteElo "1332"]
[BlackElo "1504"]

1. d3 e5 2. Nf3 d6 3. Bg5 f6 4. Bh4 Bg4 5. c4 Nh6 6. Qb3 Be6 7. Qxb7 Nd7 8. Qc6
g5 9. Bg3 Bg7 10. Nc3 O-O 11. Nb5 Qb8 12. b3 a6 13. Nxc7 Rc8 14. Qxd6 Qb6 15. c5
Qxd6 16. cxd6 Nc5 17. Nxa8 Rxa8 18. d4 exd4 19. Nxd4 Bd5 20. Rc1 Nd7 21. Rc7 Rd8
22. e3 f5 23. Ne6 Bxe6 24. Bxa6 Ra8 25. Bb5 Nf8 26. O-O Rxa2 27. h3 Rd2 28. f4
Nf7 29. fxg5 Nxd6 30. Be1 Nxb5 31. Rb7 Nd6 32. Rb8 Rd3 33. Bg3 Nf7 34. Bf4 Bxb3
35. Re1 Bd5 36. h4 Ne5 37. h5 Rd2 38. Rb5 Rxg2+ 39. Kf1 Rd2 40. h6 Bc4+ 41. Kg1
1-0

[Event "AUTO-INT-3671"]
[Site "http://www.queenalice.com/game.php?id=1759742"]
[Date "2021.5.17"]
[Round "1"]
[White "carpio1969"]
[Black "Clemente09"]
[Result "1-0"]
[WhiteElo "1552"]
[BlackElo "1370"]

1. e4 e5 2. Bc4 Qh4 3. Qf3 Nh6 4. d4 f6 5. Nc3 exd4 6. g3 Qg4 7. Nd5 Qxf3 8.
Nxf3 Bd6 9. Nxd4 Nc6 10. Nxf6+ gxf6 11. Bxh6 Nxd4 12. O-O-O Nf3 13. Bg7 Rg8 14.
Bxg8 Bc5 15. Rd3 Ne5 16. Rc3 d6 17. Bxh7 Be6 18. Bxf6 Ng4 19. f4 Nxf6 20. Bg6+
Ke7 21. e5 Bb4 22. Rxc7+ Bd7 23. exf6+ Kd8 24. Rxb7 Bc6 25. f7 d5 26. Rxb4 Kc7
27. Re1 Kd6 28. Re8 Bxe8 29. fxe8=Q Rxe8 30. Bxe8 Kc5 31. Rb5+ Kd6 32. g4 a6 33.
Rb6+ Kc5 34. Rxa6 d4 35. f5 1-0

[Event "AUTO-INT-3671"]
[Site "http://www.queenalice.com/game.php?id=1759753"]
[Date "2021.5.17"]
[Round "1"]
[White "Daniel1962"]
[Black "carpio1969"]
[Result "1-0"]
[WhiteElo "1715"]
[BlackElo "1512"]

1. e4 e5 2. Bc4 Nf6 3. d3 Bc5 4. Bg5 d6 5. c3 Bd7 6. Nf3 h6 7. Bxf6 Qxf6 8. b4
Bb6 9. b5 c6 10. bxc6 Nxc6 11. Bd5 O-O 12. Nbd2 Be6 13. Bxc6 bxc6 14. c4 Rfb8
15. O-O Bg4 16. Qa4 Qg6 17. Qxc6 Ba5 18. Rab1 Bb6 19. Nh4 Qe6 20. Nf5 Bxf5 21.
exf5 Qxf5 22. Qxd6 Rd8 23. Qb4 Qxd3 24. Nf3 f6 25. c5 Bc7 26. Rfd1 Qf5 27. Rxd8+
Bxd8 28. h3 Qc8 29. Nh4 Rb8 30. Qc4+ Kh7 31. Rb3 Rxb3 32. axb3 Qc6 33. Nf5 Kg6
34. Qg4+ Kf7 35. Qxg7+ Ke6 36. Nxh6 Kd5 37. Qg8+ Kxc5 38. Qxd8 Kb4 39. Ng4 1-0

[Event "AUTO-INT-3671"]
[Site "http://www.queenalice.com/game.php?id=1759754"]
[Date "2021.5.17"]
[Round "1"]
[White "carpio1969"]
[Black "Daniel1962"]
[Result "0-1"]
[WhiteElo "1521"]
[BlackElo "1706"]

1. e4 c5 2. Bb5 a6 3. Bc4 b5 4. Bd5 Ra7 5. Nf3 e6 6. Nc3 exd5 7. Ne5 Qf6 8. Ng4
Qe6 9. O-O Be7 10. exd5 Qd6 11. d4 cxd4 12. Qxd4 Nc6 13. Qxg7 Bf6 14. Nxf6+ Qxf6
15. Qxf6 Nxf6 16. dxc6 dxc6 17. Re1+ Kf8 18. Bh6+ Kg8 19. Bg5 Nd5 20. Re8+ Kg7
21. Rae1 Rxe8 22. Rxe8 Bf5 23. Nxd5 cxd5 24. Be3 Rd7 25. Bd4+ Kh6 26. Rg8 Bxc2
27. Be3+ Kh5 28. Rg5+ Kh4 29. h3 f6 30. Rg8 d4 31. Rg4+ Kh5 32. Bxd4 f5 33. Rf4
Kg5 34. Be3 Rd1+ 35. Kh2 h5 36. Rc4+ Kf6 37. Rxc2 Ke5 38. Kg3 Ra1 39. Bf4+ Kf6
40. Rc6+ Kg7 0-1